La ciencia: estructura y desarrollo
Saved in:
| Main Author: | |
|---|---|
| Format: | Book |
| Language: | Spanish |
| Published: |
Madrid
Trotta
1993
|
| Series: | Enciclopedia Iberoamericana de Filosofía, 4
|
| Subjects: | |
| Tags: |
Add Tag
No Tags, Be the first to tag this record!
|
MARC
| LEADER | 00000nam a2200000 a 4500 | ||
|---|---|---|---|
| 001 | UCR7127 | ||
| 003 | CL-VaPUC | ||
| 008 | 980514e19930000SP |||||||||||||||||spa|d | ||
| 082 | 0 | 4 | |a 501 |b MOU |2 21 |
| 100 | |a Moulines, C. Ulises |e autor |9 408426 | ||
| 245 | 1 | 3 | |a La ciencia: estructura y desarrollo |
| 300 | |a 234 p | ||
| 942 | |c BK | ||
| 945 | |d 19980514 00:00:00 |a rbrito | ||
| 260 | |a Madrid |b Trotta |c 1993 | ||
| 650 | 0 | |a Ciencias |9 327866 | |
| 650 | 0 | |a Probabilidades |9 260199 | |
| 650 | 7 | |a CASUALIDAD |2 CL-VaPUC |9 312541 | |
| 650 | 0 | |a Desarrollo científico |9 259799 | |
| 650 | 0 | |a Metodología |9 256610 | |
| 650 | 0 | |a Investigación científica |9 259857 | |
| 583 | |a last modification |c 19980514 00:00:00 |k Rodrigo Vera | ||
| 490 | 0 | |a Enciclopedia Iberoamericana de Filosofía, 4 | |
| 999 | |c 268949 |d 268947 | ||
| 952 | |0 0 |1 0 |4 0 |6 501_000000000000000_MOU_1993 |7 0 |8 A |9 302468 |a BIBMAT |b BIBMAT |d 2019-11-20 |i 3420396 |o 501 MOU 1993 |p 3420396 |r 2025-01-07 |w 2019-11-20 |y BK |k MAT | ||